000 00298nam a22001337a 4500
008 170807b xxu||||| |||| 00| 0 eng d
020 _a9780912503325
041 _aeng
080 _25TH
_a004
100 _a33
101 _aSHK
245 _aCOMPUTERIZED ACCOUNTING
_cARENS,A.A
942 _2udc
_cBK
999 _c22746
_d22746